000 00448nam a2200181Ia 4500
003 LK-CoDNM
008 010623t1925 xxu||||| |||| 00| 1 sin d
040 _aLK-CoDNM
_dLK-CoDNM
_eLK-CoDNM
041 _asin
080 _a104 D.3
100 _aSugatapala,T.
245 _aගිරා සංදේශය
246 _aGira Sandesaya
260 _bSaddhamma Prakasa
_aAlutgama
_c1925
300 _b115, 21 cm
650 _aSandesha
942 _cBK
999 _c92908
_d92908